Paroles Salma Ya Salma (en Français) - Dalida - Statistiques

Statistiques générales
  • Ce quiz a été pris 46 fois
  • Le résultat moyen est 142 sur 202
Statistiques - réponses
No hint Réponse % Correct
. sa
100%
. de
97%
. je
97%
. ya
97%
. Salma
94%
. Un
94%
. un
94%
. des
91%
. sable
88%
. du
85%
. homme
85%
. Salama
85%
. salama
85%
. il
82%
. Il
82%
. la
82%
. sables
82%
. ce
79%
. le
76%
. Le
76%
. pays
76%
. te
76%
. s'en
73%
. sous
73%
. Au
70%
. au
70%
. jardin
70%
. pluie
70%
. son
70%
. va
70%
. fortune
67%
. reviendrai
67%
. dunes
64%
. lui
64%
. mirage
64%
. pas
64%
. salue
64%
. jour
61%
. n'est
61%
. pour
61%
. qu'un
61%
. rivière
61%
. arrive
58%
. par
58%
. que
58%
. sans
58%
. avait
55%
. C'était
55%
. c'était
55%
. Dela
55%
. dela
55%
. n'y
55%
. plaines
55%
. courir
52%
. liberté
52%
. paradis
52%
. une
52%
. n'a
48%
. rive
48%
. bonheur
45%
. Car
45%
. coeur
45%
. et
45%
. vers
45%
. touche
42%
. fleurs
39%
. grande
39%
. n'était
39%
. reprend
39%
.. trouver
39%
. voyage
39%
. arbre
36%
. autre
36%
. finira
36%
. l'espoir
36%
. course
33%
. devant
33%
. faire
33%
. source
33%
. voit
33%
. riche
30%
. puit
27%
. seul
27%
. Mais
24%
. bessalama
21%
. bonne
21%
. douce
21%
. terre
18%
. l'homme
15%
Aucun quiz correspondant
Distribution des résultats
% des personnes avec chaque résultat
Percentile par nombre de réponses
Votre historique - résultats
Vous n’avez pas pris ce quiz